| Tag |
First Indicator |
Second Indicator |
Subfields |
| LEADER |
00000cam a2200000 i 4500 |
| 001 |
in00003487362 |
| 005 |
20150209100002.0 |
| 008 |
140326s2014 enka b 001 0 eng c |
| 010 |
|
|
|a 2014936677
|
| 035 |
|
|
|a (OCoLC)ocn889510236
|
| 040 |
|
|
|a UKM
|e rda
|c UKM
|d DLC
|
| 020 |
|
|
|a 9780198712787 (hbk.)
|
| 020 |
|
|
|a 0198712782 (hbk.)
|
| 042 |
|
|
|a lccopycat
|
| 050 |
0 |
0 |
|a JZ1242
|b .I537 2014
|
| 082 |
0 |
0 |
|a 327.1
|2 23
|
| 049 |
|
|
|a TXAM
|
| 245 |
0 |
0 |
|a Implementation and world politics :
|b how international norms change practice /
|c edited by Alexander Betts and Phil Orchard.
|
| 250 |
|
|
|a First edition.
|
| 264 |
|
1 |
|a Oxford ;
|a New York :
|b Oxford University Press,
|c 2014.
|
| 300 |
|
|
|a xvii, 329 pages :
|b illustrations ;
|c 24 cm.
|
| 336 |
|
|
|a text
|b txt
|2 rdacontent
|
| 337 |
|
|
|a unmediated
|b n
|2 rdamedia
|
| 338 |
|
|
|a volume
|b nc
|2 rdacarrier
|
| 504 |
|
|
|a Includes bibliographical references (pages [287]-320) and index.
|
| 505 |
0 |
|
|a Introduction : the normative institutionalization-implementation gap / Alexander Betts and Phil Orchard -- From persecution to deprivation : how refugee norms adapt at implementation / Alexander Betts -- Transnational advocacy and accountability : from declarations of anti-impunity to implementing the Rome Statute / Michael Bluman Schroeder and Alana Tiesmessen -- The unimplemented norm : anti-mercenary law and the problems on institutionalization / Sarah Percy -- International NGOs and the implementation of the norm for need-based humanitarian assistance in Sri Lanka / Urvashi Aneja -- Implementing a global internally displaced persons protection regime / Phil Orchard -- Implementing the "Responsibility to Protect" : catalyzing debate and building capacity / Jennifer M. Welsh -- China as a global norm-shaper : institutionalization and implementation of the responsibility to protect / Brian L. Job and Anastasia Shesterinina -- Peacekeeping in the Congo : implementation of the protection of civilians norm / Emily Paddon -- Engineering policy norm implementation : the World Bank's transparency transformation / Catherine Weaver and Christian Pertsakis -- From principle to policy : the emergence, implementation, and rearticulation of the right to post-conflict property repossession / Miriam J. Anderson -- The implementation of "integrated approaches" in the UN system : lessons from Tanzania and Burundi / James Milner -- Institutionalizing and implementing the disaster relief norm : the League of Red Cross Societies and the International Relief Union / Scott D. Watson -- Status determination and recognition / Anna Schmidt -- Conclusions : norms and the politics of implementation / Alexander Betts and Phil Orchard.
|
| 650 |
|
0 |
|a International relations.
|
| 650 |
|
0 |
|a World politics.
|
| 650 |
|
0 |
|a History, Modern.
|
| 650 |
|
0 |
|a Humanitarianism.
|
| 650 |
|
0 |
|a Responsibility to protect (International law)
|
| 700 |
1 |
|
|a Betts, Alexander,
|d 1980-
|e editor.
|
| 700 |
1 |
|
|a Orchard, Phil,
|d 1976-
|e editor.
|
| 945 |
|
|
|a PromptCat
|
| 946 |
|
|
|a stk
|
| 947 |
|
|
|a A14840343518
|
| 948 |
|
|
|a cataloged
|b h
|c 2015/2/9
|d c
|e dmitchel
|f 10:00:00 am
|
| 994 |
|
|
|a 92
|b TXA
|
| 999 |
f |
f |
|s 9fd84f80-613a-32ad-968d-8ea9c8e20ab9
|i 09ee0323-5373-3270-b1b0-05264c637389
|t 0
|
| 952 |
f |
f |
|p normal
|a Texas A&M University
|b College Station
|c Sterling C. Evans Library
|d Evans: Library Stacks
|t 0
|e JZ1242 .I537 2014
|h Library of Congress classification
|i unmediated -- volume
|m A14840343518
|
| 998 |
f |
f |
|a JZ1242 .I537 2014
|t 0
|l Evans: Library Stacks
|